Temas en tecnología de alimentos

Guardat en:
Dades bibliogràfiques
Autors principals: Lajolo, Franco Maria (Autor), Menezes, Elizabete Wenzel de (Autor)
Format: Llibre
Idioma:espanyol
Publicat: Ciudad de México Instituto Politécnico Nacional 1998
Edició:1a. ed
Matèries:
Etiquetes: Afegir etiqueta
Sense etiquetes, Sigues el primer a etiquetar aquest registre!

MARC

LEADER 00000cam a2200000 a 4500
001 UCC2003
003 CL-VaPUC
008 171230e19980000mx |||||||||||||||||spa|d
020 |a 9701818806 
082 0 4 |a 664  |b LAJ  |2 21 
100 |a Lajolo, Franco Maria  |e author  |9 464935 
700 0 |a Menezes, Elizabete Wenzel de  |e author  |9 596145 
245 1 0 |a Temas en tecnología de alimentos 
250 |a 1a. ed 
300 |a v 
942 |c BK 
945 |d 20171230 00:11:00  |a dcastane 
260 |a Ciudad de México  |b Instituto Politécnico Nacional  |c 1998 
500 |a v.2: fibra dietética 
650 0 |a Alimentos  |9 256203 
650 7 |a TECNOLOGIA DE ALIMENTOS  |2 CL-VaPUC  |9 596146 
650 7 |a CONTROL DE ALIMENTOS  |2 CL-VaPUC  |9 262967 
583 |a last modification  |c 20171230 00:11:00  |k Rodrigo Vera 
999 |c 370323  |d 370321 
952 |0 0  |1 0  |3 erb  |4 0  |6 664_000000000000000_LAJ_1998  |7 0  |8 A  |9 486715  |a BIBALI  |b BIBALI  |c GEN  |h v.2  |i 5443113  |o 664 LAJ 1998  |p 5443113  |r 2025-01-20  |w 2019-11-24  |y BK  |z Catalogado en:20171230  |k ALI